000 00285nam a22001337a 4500
008 170421b xxu||||| |||| 00| 0 eng d
020 _a1563961326
041 _aeng
080 _a573
100 _a11
101 _aSHM
245 _aMOLECULAR BEAM EPITAXY
_cCHO, A
942 _2udc
_cBK
999 _c11561
_d11561